000 00777nam a22002777a 4500
001 BR9902693
003 BR-BrBNA
005 20230928100342.0
007 ta
008 230509b bl.||||| |||| 00| 0 por d
040 _aBR-BrBNA
_bpor
_cBiblioteca Nacional de Agricultura
041 _a(Por)
072 _aP36; K10; P40
090 _ P36 BR9902693
110 1 _aInstituto Campineiro de Ensino Agricola, Campinas, SP (Brasil)
_95945
245 1 _aConservacao do solo; reflorestamento; clima
260 3 _aCampinas, SP (Brasil):
_c1972.
300 _a279 p.
500 _a78 illus.; 42 tables
650 _aConservacao do Solo
650 _aReflorestamento
650 _aClima
650 _aErosao do Solo
909 _a202309
_bLucia
_c55
_dLucia Elande
942 _cBK
999 _c61023
_d61023